000 00477nam a2200145 4500
999 _c11539
_d11539
008 181211b ||||| |||| 00| 0 eng d
022 _a 2094-8042
082 _aDPer 050 T48 Apr-June 2016 v. 187 n. 12-24
100 _933097
_aCuaron, Alfonso
245 _aGael Garcia Bernal:
_bcommitted to character/
_cAlfonso Cuaron.
260 _aHong Kong:
_bTime Asia,
_cc2016.
300 _av187 n16-17, page 60:
_billustrations;
_c27 cm.
650 0 _933098
_aActors.
942 _2ddc
_cPER